Italy UEFA Euro 2024 Squad - Statistics

General Stats
  • This quiz has been taken 2,177 times
    1,736 since last reset
  • The average score is 15 of 27
Answer Stats
# Position Player % Correct
1 GK © Gianluigi Donnarumma
99%
18 MF Nicolò Barella
88%
23 DF Alessandro Bastoni
85%
14 FW Federico Chiesa
83%
3 DF Federico Dimarco
81%
2 DF Giovanni Di Lorenzo
76%
5 DF Riccardo Calafiori
70%
9 FW Gianluca Scamacca
63%
8 MF Jorginho
62%
12 GK Guglielmo Vicario
57%
10 MF Lorenzo Pellegrini
56%
19 FW Mateo Retegui
56%
26 GK Alex Meret
55%
Manager Luciano Spalletti
55%
17 DF Gianluca Mancini
51%
20 FW Mattia Zaccagni
49%
7 MF Davide Frattesi
48%
11 FW Giacomo Raspadori
48%
13 DF Matteo Darmian
48%
4 DF Alessandro Buongiorno
38%
16 MF Bryan Cristante
38%
6 DF Federico Gatti
37%
21 MF Nicolò Fagioli
36%
24 DF Andrea Cambiaso
35%
22 FW Stephan El Shaarawy
35%
25 FW Michael Folorunsho
23%
15 DF Raoul Bellanova
22%
No matching quizzes found
Score Distribution
Percent of People with Each Score
Percentile by Number Answered
Your Score History
You have not taken this quiz since the last reset